| 000 | 00336nam a2200121Ia 4500 | ||
|---|---|---|---|
| 008 | 220204s9999 xx 000 0 und d | ||
| 082 |
_a065.013 _bBRO |
||
| 100 | _aBrown, J A C | ||
| 245 | 0 | _aSocial psychology of industry: Human relations in the factory | |
| 260 |
_aLondon _bELBS _c1973 |
||
| 650 | _aIndustrial psychology | ||
| 942 | _cBK | ||
| 999 |
_c23515 _d23515 |
||